TABER`S CYCLOPEDIC MEDICAL DICTIONARY VOL 1 / (Record no. 795580)

MARC details
000 -LEADER
fixed length control field 00599pam a2200217 a 4500
020 ## - INTERNATIONAL STANDARD BOOK NUMBER
International Standard Book Number 8180616606
Terms of availability 397.00
041 ## - LANGUAGE CODE
Language code of text/sound track or separate title eng
Language code of original NULL
082 ## - DEWEY DECIMAL CLASSIFICATION NUMBER
Classification number 610.3
Item number VEN
100 ## - MAIN ENTRY--PERSONAL NAME
Personal name DAVIS , F .
245 ## - TITLE STATEMENT
Title TABER`S CYCLOPEDIC MEDICAL DICTIONARY VOL 1 /
Statement of responsibility, etc. NULL.
Medium Textual Documents
250 ## - EDITION STATEMENT
Edition statement 20 /
Remainder of edition statement .
260 ## - PUBLICATION, DISTRIBUTION, ETC.
Place of publication, distribution, etc. NULL :
Name of publisher, distributor, etc. JAYPEE BROTHERS MEDICAL PUB. ,
Date of publication, distribution, etc. 2006.
300 ## - PHYSICAL DESCRIPTION
Extent 1424 :
Other physical details xxxv ;
Dimensions NULL .
365 ## - TRADE PRICE
Price type code 397.00
504 ## - BIBLIOGRAPHY, ETC. NOTE
Bibliography, etc. note GENERAL
653 ## - INDEX TERM--UNCONTROLLED
Uncontrolled term KNOWLEDGE(GENERAL)
700 ## - ADDED ENTRY--PERSONAL NAME
Personal name VENES , DONALD .
907 ## - LOCAL DATA ELEMENT G, LDG (RLIN)
a 3238
-- 3230
-- 3232
-- 3234
930 ## - EQUIVALENCE OR CROSS-REFERENCE-UNIFORM TITLE HEADING [LOCAL, CANADA]
Uniform title 1044
Holdings
Withdrawn status Lost status Damaged status Not for loan Collection Home library Current library Date acquired Source of acquisition Cost, normal purchase price Total Checkouts Full call number Barcode Date last seen Copy number Price effective from Koha item type Date due Date last checked out
          Medical College & Hospital, Sangli Medical College & Hospital, Sangli 28/11/2011 B.M.S.G.B.PUNE 397.00   610.3 VEN MCS-3238 26/07/2023 2 26/07/2023 Book    
          Medical College & Hospital, Sangli Medical College & Hospital, Sangli 28/11/2011 B.M.S.G.B.PUNE 397.00 1 610.3 VEN MCS-3236 06/10/2023 1 26/07/2023 Book 01/10/2043 06/10/2023
          Medical College & Hospital, Sangli Medical College & Hospital, Sangli 28/11/2011 B.M.S.G.B.PUNE 397.00 1 610.3 VEN MCS-3234 06/10/2023 5 26/07/2023 Book 01/10/2043 06/10/2023
          Medical College & Hospital, Sangli Medical College & Hospital, Sangli 28/11/2011 B.M.S.G.B.PUNE 397.00 1 610.3 VEN MCS-3232 06/10/2023 4 26/07/2023 Book 01/10/2043 06/10/2023
          Medical College & Hospital, Sangli Medical College & Hospital, Sangli 28/11/2011 B.M.S.G.B.PUNE 397.00   610.3 VEN MCS-3230 26/07/2023 3 26/07/2023 Book